| 000 | 00486nam a2200169 i 4500 | ||
|---|---|---|---|
| 001 | 56906 | ||
| 003 | ES-MaACL | ||
| 005 | 20230906163454.0 | ||
| 007 | t| | ||
| 008 | 031014s1960 sp ||||1| spa d | ||
| 100 | 1 |
_aDiego Padró, J. I. de. _944569 |
|
| 245 | 1 | 3 |
_aEl tiempo jugó conmigo _b: (novela) / _cJ.I. de Diego Padró. |
| 260 |
_aBarcelona : _bRumbos, _c[1960] |
||
| 300 |
_a367 p. ; _c25 cm. |
||
| 852 |
_aES-MaACL _jC-21389 _bR.49784 |
||
| 852 |
_aES-MaACL _jC-21290 _bR.49783 |
||
| 999 |
_c56906 _d56906 |
||